| 000 | 01078nam0a22002531 4500 | ||
|---|---|---|---|
| 001 | rc\999645 | ||
| 005 | 20250622072631.0 | ||
| 035 | _a(NLR Aleph) 006166069 | ||
| 090 |
_a5914341 _c5914340 |
||
| 100 | _a20041129d1981 |||y0rusy50 ca | ||
| 101 | 0 | _arus | |
| 102 | _aRU | ||
| 105 | _aa ||||||||| | ||
| 200 | 1 |
_aСистема концентрации излучения многоканальной лазерной установки "Дельфин-1" для нагрева и сжатия термоядерных мишеней в экспериментах по ЛТС _fН.Г. Басов, К. Юнге, А.Е. Данилов и др. |
|
| 210 |
_aМ. _cБ. и. _d1981 |
||
| 215 |
_a72 с. _cил. _d20 |
||
| 225 | 1 |
_aПрепринт _fАН СССР, Физ. ин-т им. П.Н. Лебедева. Лаб. лазер. плазмы _v№ 234 |
|
| 320 | _aБиблиогр.: с. 48-50 | ||
| 701 | 1 |
_aБасов _bН.Г. _gНиколай Геннадиевич |
|
| 801 | 0 |
_aRU _bNLR _gpsbo |
|
| 801 | 1 |
_aRU _bELAR _2rusmarc |
|
| 852 |
_aNLR _j82-4/4445 |
||
| 942 | _cBOOK | ||
| 980 | _aNB | ||